U.S States With the Letter H - Statistics

General Stats
  • This quiz has been taken 110 times
  • The average score is 13 of 14
Answer Stats
U.S States % Correct
Hawaii
96%
Michigan
96%
South Carolina
96%
Idaho
95%
New Hampshire
95%
North Carolina
95%
North Dakota
95%
Ohio
95%
South Dakota
95%
Washington
95%
Rhode Island
94%
Massachusetts
91%
Oklahoma
91%
Utah
91%
No matching quizzes found
Score Distribution
Percent of People with Each Score
Percentile by Number Answered
Your Score History
You have not taken this quiz